000 00522cam a2200145 4500500
005 20251012005132.0
041 _afre
042 _adc
100 1 0 _aDethurens, Pascal
_eauthor
245 0 0 _aMargaret Sironval, Les mille et une nuits, Citadelles & Mazenod, 2024, 496 páginas, 350 ilustraciones en color, 255 euros.
260 _c2025.
500 _a4
786 0 _nÉtudes | - | 9 | 2025-09-01 | p. 129-130
856 4 1 _uhttps://shs.cairn.info/revista-etudes-2025-9-page-129?lang=es&redirect-ssocas=7080
999 _c1516792
_d1516792